000 00192 a2200097 4500
020 _a9780590468312
041 _aspa
100 _aOz, Charles
245 _aComo se hacen un Crayon
942 _cBK
999 _c26922
_d26922